| 000 | 00947nam a22002897a 4500 | ||
|---|---|---|---|
| 003 | CHAP | ||
| 005 | 20220329135534.0 | ||
| 008 | 971013s1969 r 00010 d | ||
| 010 | _a38188 | ||
| 011 | _a39160 | ||
| 035 | _a43280 | ||
| 040 | _cCHAP | ||
| 090 | _aFolleto 3032 | ||
| 110 |
_aPatronato para la Investigación, Fomento y Sanidad Vegetal de la Comarca Lagunera _986221 |
||
| 245 |
_aPrograma de trabajo _b: ciclo 68-69 y 69-69 |
||
| 260 |
_aTorreón, Coah. : _bEl patronato, _c(1969) |
||
| 300 | _a57 h. | ||
| 590 |
_aBATCH-UPD _b10 _c20130110 _lUCH01 _h1122 |
||
| 590 |
_aBATCH-UPD _b10 _c20130410 _lUCH01 _h0712 |
||
| 590 |
_aBATCH-UPD _b10 _c20130914 _lUCH01 _h0054 |
||
| 590 |
_aCONVERSION _b10 _c20130109 _lUCH01 _h1321 |
||
| 650 | 1 | 4 |
_aAgricultura _xComarca Lagunera. _91371 |
| 650 | 1 | 4 |
_aPolítica agrícola _xComarca Lagunera. _990306 |
| 901 | _aBK | ||
| 942 | _cFOLL | ||
| 949 |
_aFolleto 3032 _bBC _cFOLL _d-99265 _eTS1 _i43280 _mD _si |
||
| 999 |
_c38188 _d38188 |
||